| 000 | 00847nam a2200253 i 4500 | ||
|---|---|---|---|
| 001 | 175660 | ||
| 003 | ES-MaACL | ||
| 005 | 20230906215903.0 | ||
| 007 | t| | ||
| 008 | 101116s1973 sp a ||||1| spa d | ||
| 020 | _a84-369-0303-X | ||
| 080 | _a2-533-312.47(460)"07/14" | ||
| 080 | _a75.056(460)"07/14" | ||
| 100 | 1 |
_aDelclaux, Federico. _943352 |
|
| 245 | 1 | 0 |
_aImágenes de la Virgen en los códices medievales de España / _cFederico Delclaux. |
| 260 |
_a[Madrid] : _bDirección General de Bellas Artes, _c[1973] |
||
| 300 |
_a386 p. : _bil. col. ; _c31 cm. |
||
| 490 | 1 |
_aArte de España ; _v5 |
|
| 600 | 0 | 4 |
_aVirgen María- _xIconografía. _9115442 |
| 710 | 1 |
_aEspaña. _bDirección General de Bellas Artes. _93704 |
|
| 830 | 1 |
_aArte de España ; _v5 _9183902 |
|
| 852 | 4 |
_aES-MaACL _jE-13535 _xOlim P-1448 |
|
| 999 |
_c175660 _d175660 |
||